000 00344nam a2200145Ia 4500
005 20251222143244.0
008 251222s9999||||xx |||||||||||||| ||spa||
020 _a770014147
082 _a952/R54/T.II
100 _aRichie, Donald
245 0 _aIntroduction to Japan
250 _a1ra.ed.
264 _bKodansha International
942 _cLIB
999 _c14688
_d14688